First line of Led Zeppelin songs - Statistics

General Stats
  • This quiz has been taken 23 times
  • The average score is 15 of 30
Answer Stats
First line Song % Correct
Hey, hey, mama, said the way you move Black Dog
95%
We come from the land of the ice and snow Immigrant Song
95%
There's a lady who's sure all that glitters is gold Stairway to Heaven
95%
You need coolin' Whole Lotta Love
90%
Been dazed and confused for so long, it's not true Dazed and Confused
80%
If it keeps on raining, levee's going to break When the Levee Breaks
80%
Oh, let the sun beat down upon my face Kashmir
75%
Hey, fellas, have you heard the news? Heartbreaker
65%
In my time of dying, want nobody to mourn In My Time of Dying
65%
The Queen of Light took her bow Battle of Evermore
60%
Want to tell you about the girl I love Hey, Hey, What Can I Do
55%
Hey, girl, stop what you're doin' Communication Breakdown
50%
Spent my days with a woman unkind Going to California
50%
In the days of my youth, I was told what it means to be a man Good Times, Bad Times
50%
Let me take you to the movie Houses of the Holy
50%
Walking in the park just the other day, baby Misty Mountain Hop
50%
It was an April morning when they told us we should go Achilles Last Stand
45%
The leaves are falling all around, time I was on my way Ramble On
45%
Well, there's a light in your eye that keeps shining Fool in the Rain
40%
Hangman, hangman, hold it a little while Gallows Pole
40%
Measuring a summer's day Tangerine
40%
Should I fall out of love, my fire in the light All My Love
35%
If the sun refused to shine Thank You
35%
It is the springtime of my loving The Rain Song
30%
Oh, baby, it's crying time Four Sticks
25%
And if you feel that you can't go on In the Light
25%
Close the door, put out the light No Quarter
25%
Hey, lady, you got the love I need Over the Hills and Far Away
25%
Her face is cracked from smiling Celebration Day
15%
Hey, hey, mama, what's the matter here? Black Country Woman
10%
No matching quizzes found
Score Distribution
Percent of People with Each Score
Percentile by Number Answered
Your Score History
You have not taken this quiz